=LDR 00000nam 2200000 4500 =001 INLIS000000000028705 =005 20130612131006 =008 ***********************************Ind** =035 ##$$0010-061300000028705 =041 ##$$a Ind =082 ##$$a 621.3 =090 ##$$a 621.3, Coo p =100 ##$$a Cooper, Alan =245 ##$$a Pustaka sains listrik, Alan Cooper =260 ##$$a 1986 $b Jakarta =300 ##$$a 48 hlm, ilus, 30 cm =650 ##$$a Listrik =850 ##$$a NBPNMAT =990 ##$$a 0001/BPAP-NTB/20142015